مكتبة جامعة عجلون الوطنية

فهرس بحث المكتبة

العوامل الداخلية المؤثرة في تحسين المسؤولية الاجتماعية في المصارف الاسلامية الأردنية=internal Factors Affecting the improvement of Social Responsibility in jordanian islamic Banks (Record no. 31204)

MARC details
000 -LEADER
fixed length control field 01284nam a2200241Ii 4500
003 - CONTROL NUMBER IDENTIFIER
control field JO-AjNU
005 - DATE AND TIME OF LATEST TRANSACTION
control field 20240624091125.0
008 - FIXED-LENGTH DATA ELEMENTS--GENERAL INFORMATION
fixed length control field 230605s9999||||xx |||||||||||||| ||und||
040 ## - CATALOGING SOURCE
Original cataloging agency JO-AjNU
Language of cataloging ara
Description conventions rda
Transcribing agency JO-AjNU
041 ## - LANGUAGE CODE
Language code of text/sound track or separate title ara
050 14 - LIBRARY OF CONGRESS CALL NUMBER
Classification number BP940 2021
100 #1 - MAIN ENTRY--PERSONAL NAME
Personal name الغروف،ازهار باسم محمد
Relator term معد
9 (RLIN) 65488
245 20 - TITLE STATEMENT
Title العوامل الداخلية المؤثرة في تحسين المسؤولية الاجتماعية في المصارف الاسلامية الأردنية=internal Factors Affecting the improvement of Social Responsibility in jordanian islamic Banks
Statement of responsibility, etc. اعداد ازهار باسم محمد الغروف ؛ إشراف قاسم محمد ابو عيد
260 ## - PUBLICATION, DISTRIBUTION, ETC.
Date of publication, distribution, etc. 2021
300 ## - PHYSICAL DESCRIPTION
Extent 105 ورقة
336 ## - CONTENT TYPE
Content type term text
Content type code txt
Source rdacontent
337 ## - MEDIA TYPE
Media type term unmediated
Media type code n
Source rdamedia
338 ## - CARRIER TYPE
Carrier type term volume
Carrier type code nc
Source rdacarrier
500 ## - GENERAL NOTE
General note رسالة جامعية(اطروحة ماجستير) تخصص المصارف الاسلامية/كلية ادارة الاعمال/ جامعة عجلون الوطنية، 2021، تحتوي على جدوال توضيحية
650 7# - SUBJECT ADDED ENTRY--TOPICAL TERM
Topical term or geographic name entry element البنوك الاسلامية- المسؤلية الاجتماعية
9 (RLIN) 61179
700 #1 - ADDED ENTRY--PERSONAL NAME
Personal name ابو عيد، قاسم موسى
9 (RLIN) 65489
Relator term مشرف
942 ## - ADDED ENTRY ELEMENTS (KOHA)
Source of classification or shelving scheme Library of Congress Classification
Koha item type Thesis
Holdings
Withdrawn status Lost status Source of classification or shelving scheme Damaged status Not for loan Home library Current library Shelving location Date acquired Total Checkouts Full call number Barcode Date last seen Price effective from Koha item type
    Library of Congress Classification     مكتبة جامعة عجلون الوطنية مكتبة جامعة عجلون الوطنية المراجع 24/06/2024   BP940 2021 A27636 06/06/2023 24/06/2024 Thesis